| 000 | 00528nam a22001937a 4500 | ||
|---|---|---|---|
| 003 | CEME | ||
| 005 | 20210628203917.0 | ||
| 008 | 210126b xxu||||| |||| 00| 0 eng d | ||
| 020 | _a0-7637-1470-4 | ||
| 040 | _c. | ||
| 082 | _a005.73 DAL | ||
| 100 |
_aDale, Nell:Teague, David _967814 |
||
| 245 | _aC++ plus data structures | ||
| 250 | _a2ND | ||
| 260 |
_aLONDON _bJONES AND BARTLETT _c2001 |
||
| 300 | _aXIV,819P | ||
| 650 |
_aC++ -COMPUTER PROGRAM LANGUAGE. DATA STURCTURES -COMPUTER SCIENCE _967815 |
||
| 942 |
_cBK _2ddc |
||
| 999 |
_c575516 _d575516 |
||